000 01319nam a2200349 i 4500
003 EG-GICUC
005 20260422095808.0
008 260422s1920 fr fr|||| 001 0 fre d
040 _aEG-GiCUC
_bfre
_cEG-GiCUC
_dEG-GiCUC
_eRda
041 0 _afre
082 0 4 _221
_a343.5
_bTR . D
092 0 4 _221
099 _aLaw1 10 343.5 Tr . D 1 ed - 1920
100 1 _aTravers, Maurice.
_eAuteur
245 _a Le Droit Pénal International :
_b Et Sa Mise En Œuvre En Temps De Paix Et En Temps De Guerre /
_cPar Maurice Travers.
250 _a Tome I.
264 _a Paris :
_b Librairie De La Société Du Recueil Sirey, Léon Tenin, Directeur, 22, Rue Soufflot, 5e Arrt,
_c1920.
300 _a667 page ;
_c 24 cm.
336 _2rda contenu
_a texte
337 _2rda medias
_aOrdinateur
338 _2 transporteur rda
_a Ressource en ligne
490 _3Principes. — Règles Générales De Compétence Des Lois Répressives.
500 _aAvocat A La Cour De Paris, Docteur En Droit, Lauréat De L'institut.
504 _aComprend des références bibliographiques.
546 _aTexte en français
650 1 4 _aDroit pénal
_2qrmak
651 1 _2qrmak
710 _a Recueil Sirey.
856 4 0 _uhttps://fll.law.cu.edu.eg/fulltext/bks/B10-10690.pdf
905 _a171
942 _2ddc
_cBK
_e21
_n0
999 _c72785
_d72785